Hướng dẫn soạn thảo hợp đồng dân sự theo luật dân sự Văn bản hiện hành mới nhất - Thủ tục hành chính cần cho mọi công dân
v.v...
Đã lưu trong:
| Tác giả chính: | |
|---|---|
| Định dạng: | Sách |
| Năm xuất bản: |
Tp HCM
Nxb Tp Hồ Chí Minh
1997
|
| Chủ đề: | |
| Tags: |
Thêm thẻ
Không có thẻ, Hãy là người đầu tiên gắn thẻ bản ghi này!
|
| LEADER | 00926nam a2200193 4500 | ||
|---|---|---|---|
| 082 | |a 340.56 |b PH105Đ | ||
| 100 | |a Phan Đình Khánh | ||
| 245 | |a Hướng dẫn soạn thảo hợp đồng dân sự theo luật dân sự |c Phan Đình Khánh, Nguyễn Thị Mai |b Văn bản hiện hành mới nhất - Thủ tục hành chính cần cho mọi công dân | ||
| 260 | |a Tp HCM |b Nxb Tp Hồ Chí Minh |c 1997 | ||
| 300 | |a 584 tr. |c 21 cm | ||
| 520 | |a v.v... | ||
| 653 | |a Pháp luật | ||
| 653 | |a Luật dân sự | ||
| 653 | |a văn bản pháp luật | ||
| 653 | |a Việt Nam | ||
| 942 | |2 ddc |c STK0 | ||
| 999 | |c 9567 |d 9567 | ||
| 952 | |0 0 |1 0 |2 ddc |4 0 |6 340_560000000000000_PH105Đ |7 0 |8 300 |9 76212 |a qbu |b qbu |c D2 |d 2015-05-25 |g 57000 |o 340.56 PH105Đ |p 9635.c1 |r 0000-00-00 |w 2015-05-25 |y STK0 | ||
| 952 | |0 0 |1 0 |2 ddc |4 0 |6 340_560000000000000_PH105Đ |7 0 |8 300 |9 76213 |a qbu |b qbu |c D2 |d 2015-05-25 |g 57000 |o 340.56 PH105Đ |p 9635.c2 |r 0000-00-00 |w 2015-05-25 |y STK0 | ||